Data Book on the Viscosity of Liquids /

Contenido: Teoría de la viscosidad de líquidos; Métodos de predicción; Unidades, conversiones e información relativa; Tablas de datos de viscosidad relativa; Tablas de datos de viscosidad cinemática; Directorio de compuestos.

Gorde:
Xehetasun bibliografikoak
Egile nagusia: Viswanath, D. S. (autor)
Beste egile batzuk: Natarajan, G. (autor) (autor)
Formatua: Liburua
Hizkuntza:ingelesa
Argitaratua: Nueva York, EUA : Hemisphere, 1989, c1989
Gaiak:
Etiketak: Etiketa erantsi
Etiketarik gabe, Izan zaitez lehena erregistro honi etiketa jartzen!

MARC

LEADER 00000nam^a2200000^a^4500
001 000178220
005 20250521000000.0
009 20260310101742.264
020 |a 0-89116-778-1 
037 |a Acervo ITESO - Biblioteca 
041 |a ING 
082 |a 532. 580212  |b VIS 
100 |a Viswanath, D. S.  |e (autor) 
245 1 0 |a Data Book on the Viscosity of Liquids /  |c D.S. Viswanath, G. Natarajan. 
264 4 |a Nueva York, EUA :  |b Hemisphere,  |c 1989, c1989 
300 |a VIII, 990 p. 
336 |a texto  |b txt  |2 rdacontenido 
337 |a sin mediación  |b n  |2 rdamedio 
338 |a volumen  |b nc  |2 rdasoporte 
520 |a Contenido: Teoría de la viscosidad de líquidos; Métodos de predicción; Unidades, conversiones e información relativa; Tablas de datos de viscosidad relativa; Tablas de datos de viscosidad cinemática; Directorio de compuestos. 
649 |a XX 
650 |a Viscosidad -  |x Tablas 
650 |a Líquidos -  |x Tablas 
650 |a Hidrodinámica 
650 |a Dinámica de Fluidos 
650 |a Física -  |x Tablas 
700 |a Natarajan, G.  |e (autor) 
910 |a Fondo General 
920 |a Impresos - Libros 
930 |a Reserva Especial 
905 |a 103 
901 |a 0500116908  |b IT1  |c REE  |u 20250521 
902 |a https://opac.biblio.iteso.mx/vufind/Record/000178220